| 000 | 00640nam a22002057a 4500 | ||
|---|---|---|---|
| 003 | NUST-PNEC | ||
| 005 | 20170116180721.0 | ||
| 008 | 141027b xxu||||| |||| 00| 0 eng d | ||
| 022 | _aB000LCGKHE | ||
| 040 | _cPNEC | ||
| 082 | _a620.11 BRA | ||
| 100 |
_9829 _aBrady, George S. |
||
| 245 |
_aMaterials Handbook _cGeorge S. Brady |
||
| 250 | _a9th ed. | ||
| 260 |
_aNew York _bMcGraw-Hill _cc1963 |
||
| 300 |
_a968 p. : _bill. : _c23 cm. |
||
| 500 | _ahttp://www.amazon.com/Materials-Handbook-9th-G-Brady/dp/B000LCGKHE/ref=sr_1_1?s=books&ie=UTF8&qid=1414388816&sr=1-1&keywords=MATERIALS+HANDBOOK+1963 | ||
| 650 | _xME | ||
| 942 |
_2ddc _cBK |
||
| 999 |
_c61409 _d61409 |
||